The works, the windom of life and other essays
Guardat en:
| Autor principal: | |
|---|---|
| Format: | Llibre |
| Idioma: | Undetermined |
| Publicat: |
New York, Estados Unidos
Walter J.Black
1932
|
| Matèries: | |
| Etiquetes: |
Afegir etiqueta
Sense etiquetes, Sigues el primer a etiquetar aquest registre!
|
MARC
| LEADER | 00000nam a2200000Ia 4500 | ||
|---|---|---|---|
| 008 | 170316s9999 xx 000 0 und d | ||
| 090 | |a 100 S-25w | ||
| 100 | |a Schopenhauer, Arthur | ||
| 245 | 4 | |a The works, the windom of life and other essays | |
| 260 | |a New York, Estados Unidos | ||
| 260 | |b Walter J.Black | ||
| 260 | |c 1932 | ||
| 300 | |a 305 páginas | ||
| 650 | |a FILOSOFÍA | ||
| 999 | |c 17596 |d 17596 | ||
| 040 | |a cru BVZT | ||
| 942 | |c 15 D |h 100 S-25w |2 z | ||
